| 000 | 00533nam a22001697a 4500 | ||
|---|---|---|---|
| 005 | 20231114100313.0 | ||
| 008 | 231114b |||||||| |||| 00| 0 eng d | ||
| 020 | _a9780409020281 | ||
| 041 | _aEnglish | ||
| 082 | _a344.5 VAN | ||
| 100 |
_aVan der Merwe, D et al. _lEnglish |
||
| 245 |
_aInformation and Communication Technology / _cD Van der Merwe et al. |
||
| 260 |
_aDurban : _bLexisNexis, _c2008 |
||
| 300 |
_bxviii, 526 pages ; _c25 cm. |
||
| 650 |
_aLegal practice _bLaw |
||
| 942 |
_cBK _6ALISON_BN_VRIES |
||
| 999 |
_c617 _d617 |
||